| 000 | 00815nam a2200241 a 4500 | ||
|---|---|---|---|
| 003 | MX-MxUPN | ||
| 005 | 20220804103108.0 | ||
| 008 | 220804t1978 cu |||||r|||| 000 0 spa d | ||
| 040 |
_aMX-MxUPN _bspa _cMX-MxUPN |
||
| 041 | 0 | _aspa | |
| 050 | 1 | 4 |
_aLB1685 C97 _bP397 |
| 100 | 1 |
_aPaz Rodríguez, Pedro Luis de la _945224 |
|
| 100 | 1 |
_aCruz Borges, Wilfredo de la _945225 |
|
| 100 | 1 |
_aPino Sarría, Cristy del _945229 |
|
| 100 | 1 |
_aVázquez Leonard, Héctor _945228 |
|
| 100 | 1 |
_aAndux Deschapelles, Calixto _945226 |
|
| 100 | 1 |
_aFuentes Fuentes, Manuel _945227 |
|
| 245 | 1 | 0 |
_aEducación física : _bséptimo grado : programa |
| 260 |
_aCiudad de La Habana : _bEditorial Pueblo y Educación, _c©1978. |
||
| 300 | _a29 páginas | ||
| 650 | 4 |
_aEducación física _xPlanes y programas _917139 |
|
| 942 |
_2lcc _cLIBRO |
||
| 999 |
_c208792 _d208792 |
||